000 01358nam a2200385 4500
001 193
003 OSt
005 20250528074014.0
008 250131b |||||||g |||| 00| 1 eng d
020 _a8500782145
040 _bpor
041 _heng
_apor
082 _a028.5
_bD314r
100 1 _aDefoe, Daniel,
_d1661?-1731
_9347
240 _aRobinson Crusoé
245 _aRobinson Crusoe /
_cDefoe, Daniel ; Tradução e adaptação de Paulo Bacellar e Ilustração de Lee
250 _a25° edição
260 _aRio de Janeiro
_bEdiouro
_c2001
300 _a125 p.
490 1 _aClássicos para o jovem leitor
520 _aRobinson era um jovem marinheiro inglês. Ao viajar para a África, seu navio é colhido por uma tempestade e naufraga. Toda a tripulação morre, com exceção do jovem, que se refugia numa ilha deserta. Lá ele defronta-se com as dificuldades de uma existência primitiva.
650 0 _aLiteratura Inglesa
_989
650 0 _aAdaptação
_9788
650 0 _aInfantojuvenil
_9200
650 0 _aAventura
_947
650 0 _aViagens
_9189
650 0 _aClássicos
_977
650 0 _aFilme
_926
655 0 _aRomance
_923
655 0 _aFicção
_922
700 _aPaulo Bacellar
_eTradutor
_eAdaptação
_9352
700 _aLee
_eIlustração
_9353
830 _aClássicos para o jovem leitor
_9354
942 _2ddc
_n0
_cBK
999 _c193
_d193